[Event "Katowice Springs 2018"]
[Site "Katowice"]
[Date "2018.05.09"]
[Round "5"]
[White "Bakalarz, Mietek"]
[Black "Frolov, Artur"]
[Result "1/2-1/2"]
[WhiteElo "2288"]
[BlackElo "2432"]
[Annotator "TA"]
[PlyCount "107"]
[EventDate "2018.??.??"]
[EventType "swiss"]
[EventCountry "POL"]
[SourceTitle "playchess.com"]
[Source "ChessBase"]
[SourceQuality "1"]

{[%evp 20,107,5,0,12,-32,-42,-38,-40,-39,-41,-41,-45,-40,-31,-52,-28,-28,-41,-39,-45,-65,-67,-58,-77,-116,-104,-113,-105,-111,-110,-116,-75,-109,-114,-135,-131,-129,-138,-134,-125,-142,-139,-151,-118,-118,-100,-109,0,-118,-118,-118,-118,-118,-95,-82,0,0,0,0,0,0,0,0,0,0,0,0,0,0,0,0,0,0,0,0,0,0,0,0,0,0,0,0,0,0,0,0,0,0]} 1. d4 Nf6 2. Nf3 g6 3. Bf4 Bg7 4. e3 O-O 5. h3 b6 6. Be2 Bb7 7. O-O c5 8. Nbd2 Nc6 9. c3 d5 10. Ne5 Nxe5 {A48: 1 d4 Nf6 2 Nf3 g6: Torre, London and Colle Systems} (10... Nd7 11. Nxc6 Bxc6 12. Nf3 e6 13. a4 Qe7 14. Bb5 Rac8 15. Qb3 a5 16. Bxc6 Rxc6 17. Rfe1 Qd8 18. Rad1 {0-1 (31) Megaranto,S (2528)-Sasikiran,K (2676) Ashkhabad 2017}) 11. Bxe5 {LiveBook: 11 Games} Bh6 12. Bf4 $146 ({Predecessor:} 12. Bxf6 exf6 13. dxc5 bxc5 14. b4 d4 15. exd4 cxb4 16. cxb4 Qxd4 17. Nc4 Qe4 18. Bf3 Qxc4 19. Bxb7 {½-½ (47) Nemeth,Z (2281)-Frolov,A (2389) Budapest 2017}) 12... Bxf4 {Black is slightly better.} 13. exf4 Qd6 14. g3 cxd4 15. cxd4 Qb4 16. Nb3 Rfc8 17. Bd3 Rc7 18. Qd2 Qa4 19. f5 Ba6 20. fxg6 hxg6 21. Bxa6 Qxa6 22. a4 Rac8 23. a5 {[#]} Qb5 $1 {[%cal Rb5b3]} 24. axb6 axb6 25. Qe3 Kg7 26. Nd2 Qxb2 27. Rab1 Qc3 28. Qxc3 Rxc3 29. Rxb6 Rd3 30. Nb3 Ne4 31. Re1 e6 32. Re2 Nc3 33. Re1 Ne4 34. Re2 $1 Rd1+ 35. Kg2 Rb1 36. Rb7 Kf6 37. Re3 {[#] Strongly threatening Rf3+.} Rc3 (37... g5 $1 $17 38. Rf3+ Kg6) 38. Rxc3 $1 $11 {The position is equal.} Nxc3 {[%mdl 4096] Endgame KRN-KRN} 39. Kf3 Rh1 40. Nc5 Rxh3 41. Rb3 {[#]} Ne4 $1 {[%cal Re4d2][%mdl 512]} 42. Nxe4+ dxe4+ 43. Kxe4 {KR-KR} Rh1 44. Rd3 Re1+ 45. Kf3 Ke7 46. d5 e5 {( -> ...e4+)} 47. Re3 Rxe3+ 48. fxe3 {K3P-K3P} Kd6 49. e4 f5 50. Ke3 $1 Kc5 {...fxe4 is the strong threat.} 51. g4 $1 f4+ 52. Kf3 g5 53. Ke2 Kd6 54. Kf3 {Precision: White = 72%, Black = 65%.} 1/2-1/2

[Event "Katowice Springs 2018"]
[Site "Katowice"]
[Date "2018.05.10"]
[Round "6"]
[White "Frolov, Artur"]
[Black "Piesik, Piotr"]
[Result "1/2-1/2"]
[WhiteElo "2432"]
[BlackElo "2372"]
[Annotator "TA"]
[PlyCount "180"]
[EventDate "2018.??.??"]
[EventType "swiss"]
[EventCountry "POL"]
[SourceTitle "playchess.com"]
[Source "ChessBase"]
[SourceQuality "1"]

{[%evp 23,180,15,23,10,22,-15,0,-12,0,0,0,0,0,0,44,28,41,26,25,0,0,0,8,9,0,8,12,8,29,23,34,0,0,0,32,0,0,0,0,0,0,-81,-75,-74,-75,-96,-75,-83,-85,-96,-101,-107,-98,-100,-110,-118,-98,-101,-97,-101,-102,-112,-109,-103,-81,-80,-81,-81,-81,-120,-120,-120,-84,-85,-85,-120,-120,-120,-120,-120,-57,-57,-56,-56,-56,-57,-56,-56,-56,-56,-56,-56,-8,-8,-8,-8,0,0,0,-56,-56,-56,-56,-56,-56,-56,-56,-56,-56,-56,-56,-56,0,-56,-8,-56,0,-56,-56,-56,-56,-56,-56,-56,-56,-56,-56,-56,-56,-56,-56,-56,-56,-56,-56,-56,-56,-56,-56,-56,-56,-56,-56,-56,-56,-56,-56,-56,-56,-56,-56,-56,-56,-56,0,0,0,-8,0]} 1. e4 e6 2. d4 d5 3. Nd2 dxe4 4. Nxe4 Bd7 5. Nf3 Bc6 6. Bd3 Nd7 7. O-O Ngf6 8. Qe2 Nxe4 9. Bxe4 Bxe4 10. Qxe4 c6 11. Bg5 Be7 12. Bxe7 Qxe7 {LiveBook: 16 Games} 13. a3 {C10: French with 3 Nc3: Unusual Black 3rd moves and 3...dxe4} (13. Rad1 O-O 14. a3 Rfd8 15. c4 a5 16. Rfe1 Nf6 17. Qe5 Kf8 18. h3 a4 19. Rd2 h6 20. Red1 Qd6 {½-½ (31) Petrov,M (2439)-Jobava,B (2669) Izmir 2016}) 13... O-O 14. b4 $146 ({Predecessor:} 14. Rfe1 Rad8 15. Rad1 Rfe8 16. c4 Nb6 17. Qc2 h6 18. h3 Qc7 19. a4 Qb8 20. a5 Nd7 21. b4 a6 {½-½ (21) Obertin,F (1938)-Risch,M (1845) Luxembourg 2000}) 14... Nf6 15. Qe5 Rfd8 16. c4 b5 17. Rfc1 a5 18. Qc5 Qb7 19. Ne5 Rdc8 {[#] Threatens to win with ...Ne4.} 20. bxa5 Rxa5 21. Rab1 Ne4 22. Qb4 Rca8 23. cxb5 Rxb5 24. Qe1 Nd6 25. Ra1 Ra6 26. a4 Rb3 27. a5 h6 28. h3 Qa8 29. Nd7 {Nc5 is the strong threat.} Rb5 {[%cal Ra6a5]} 30. Rc5 Nb7 31. Rxb5 cxb5 32. Qe4 (32. Qb4 $11) 32... Nxa5 33. Qxa8+ Rxa8 $17 {[%mdl 4096] Endgame KRN-KRN} 34. Nc5 {[#]} Ra7 $1 35. Rb1 Nc6 36. Rxb5 Nxd4 37. Rb2 Rc7 38. Nd3 g5 39. g3 Kg7 40. Kg2 Kf6 41. Rb4 Nf5 42. Ne1 Rc3 43. Nf3 Rd3 44. h4 Ne7 45. hxg5+ hxg5 46. Rd4 Rxd4 47. Nxd4 {KN-KN} Ke5 48. Nf3+ Kf5 49. Nd2 Nc6 50. Kf3 Ne5+ 51. Ke2 Kg4 (51... g4 $17 52. Ke3 Nd7) 52. Ne4 $15 Nc4 53. f3+ Kf5 54. Nf2 Nd6 55. Ke3 e5 56. g4+ Ke6 57. Nd3 Kd5 {Hoping for ...Nc4+.} 58. Nb4+ Kc4 59. Nc6 Kd5 60. Nb4+ $1 Ke6 (60... Kc5 $11 61. Nd3+ Kd5) 61. Nd3 Ne8 62. Nc5+ Kd5 63. Ne4 f6 64. Kd3 Ke6 65. Nc5+ Kd6 66. Ne4+ Ke7 67. Ke3 Nd6 (67... Nc7 $15) 68. Nc5 ({White should try} 68. Nxd6 $1 $11 Kxd6 69. Ke2) 68... Kd8 69. Kd3 (69. Ne4 $5 {[%cal Re4d6]} Ke7 70. Nxd6 Kxd6 71. Ke2 $11) 69... Ke7 70. Ke3 Kf7 71. Kd3 Kg6 72. Ne4 Nb5 73. Ng3 Nd4 74. Ke4 Kf7 75. Nh5 Nb5 76. Ng3 Ke6 77. Kd3 Nd6 78. Ne4 Nb7 79. Ke3 Kf7 80. Kd3 Kg6 81. Ng3 Nc5+ 82. Ke3 Kf7 83. Ne4 Nd7 84. Ng3 Ke6 85. Nf5 Nb6 86. Ke4 Nc8 87. Ng3 Ne7 88. Kd3 f5 ({Better is} 88... Nc6 $15) 89. gxf5+ $11 Nxf5 90. Ne4 Kd5 {Precision: White = 72%, Black = 67%.} 1/2-1/2

[Event "Katowice Springs 2018"]
[Site "Katowice"]
[Date "2018.05.10"]
[Round "6"]
[White "Shkuran, Danylo"]
[Black "Szustakowski, Antoni"]
[Result "1/2-1/2"]
[WhiteElo "2395"]
[BlackElo "2331"]
[Annotator "TA"]
[PlyCount "64"]
[EventDate "2018.??.??"]
[EventType "swiss"]
[EventCountry "POL"]
[SourceTitle "playchess.com"]
[Source "ChessBase"]
[SourceQuality "1"]

{[%evp 21,64,29,18,0,9,8,14,10,7,9,9,14,11,0,0,0,12,10,10,8,8,10,10,11,64,61,56,60,62,46,59,22,24,0,5,4,0,0,0,0,0,0,0,0,0]} 1. e4 c5 2. Nf3 e6 3. c3 d5 4. exd5 Qxd5 5. d4 Nc6 6. Be3 cxd4 7. cxd4 Nf6 8. Nc3 Qd8 9. a3 Be7 10. Bc4 O-O 11. O-O b6 {LiveBook: 13 Games. E57: Nimzo-Indian: Rubinstein: Main Line: 7...Nc6 8 a3 dxc4 9 Bxc4 cxd4} (11... h6 12. Qe2 a6 13. Rfd1 Nd5 14. Rac1 Bf6 15. Ba2 Nce7 16. Qc2 Re8 17. Nxd5 exd5 18. Ne5 Nf5 19. Bf4 {½-½ (60) Puranik,A (2442)-Lu,S (2618) Doha 2015}) 12. d5 Na5 13. Ba2 exd5 14. Nxd5 Nxd5 15. Bxd5 Bb7 16. Bxb7 Nxb7 17. Rc1 $146 ({Predecessor:} 17. Nd4 Bf6 18. Qg4 Nd6 19. Rfd1 {½-½ (41) Feuerstack,A (2454)-Knuth,H (2307) Germany 2015}) 17... Bf6 18. Bd4 Bxd4 19. Nxd4 Qf6 20. Rc6 $36 {[%mdl 2048] White has the initiative.} Qe5 21. Re1 Qd5 {[#] And now ...Rad8 would win.} 22. Rc1 Nc5 (22... Rfd8 $11) 23. b4 $1 $14 {[%cal Rb4c5]} Ne6 24. Nxe6 fxe6 25. Qxd5 exd5 {[%mdl 4096] Endgame KRR-KRR} 26. Rc7 {[#] Ree7 is the strong threat.} Rf7 $1 {[%cal Rf7c7]} 27. Ree7 (27. Rc6 {with more complications.} Rd8 28. Kf1 Kf8 29. Re3 Rf4 30. Rc7) 27... Rxe7 {The position is equal.} 28. Rxe7 a5 $1 {[%cal Ra5b4]} 29. Kf1 axb4 30. axb4 Ra4 31. Rd7 Rxb4 32. Rxd5 Kf7 {Precision: White = 62%, Black = 76%.} 1/2-1/2

[Event "Katowice Springs 2018"]
[Site "Katowice"]
[Date "2018.05.10"]
[Round "6"]
[White "Teclaf, Pawel"]
[Black "Bakalarz, Mietek"]
[Result "1/2-1/2"]
[WhiteElo "2373"]
[BlackElo "2288"]
[Annotator "ChessBase"]
[PlyCount "61"]
[EventDate "2018.??.??"]
[EventType "swiss"]
[EventCountry "POL"]
[SourceTitle "playchess.com"]
[Source "ChessBase"]
[SourceQuality "1"]
[TimeControl "40/5400+30:1800+30"]

1. e4 {[%emt 0:00:00]} e5 {[%emt 0:04:40]} 2. Nf3 {[%emt 0:00:00]} Nf6 {[%emt 0:00:04]} 3. d4 Nxe4 4. dxe5 {[%emt 0:02:12]} d5 {[%emt 0:05:38]} 5. Nbd2 {[%emt 0:00:05]} Nxd2 {[%emt 0:00:10]} 6. Qxd2 {[%emt 0:00:05]} Be7 {[%emt 0:05:24]} 7. Qf4 {[%emt 0:04:21]} Qd7 {[%emt 0:12:25]} 8. h3 {[%emt 0:37:19]} Qf5 {[%emt 0:03:29]} 9. Qa4+ {[%emt 0:12:55]} Bd7 {[%emt 0:18:59]} 10. Qb3 {[%emt 0:00:09]} Qe4+ {[%emt 0:00:31]} 11. Be3 {[%emt 0:00:05]} Qb4+ {[%emt 0:00:03]} 12. Qxb4 {[%emt 0:02:32]} Bxb4+ {[%emt 0:00:13]} 13. c3 {[%emt 0:00:04]} Ba5 {[%emt 0:05:51]} 14. Rd1 {[%emt 0:00:35]} Bb6 {[%emt 0:01:07]} 15. Rxd5 {[%emt 0:02:26]} Be6 {[%emt 0:02:18]} 16. Rd1 {[%emt 0:01:35]} Bxe3 {[%emt 0:02:46]} 17. fxe3 {[%emt 0:00:05]} Bxa2 {[%emt 0:00:03]} 18. Nd4 {[%emt 0:10:14]} Be6 {[%emt 0:01:19]} 19. Be2 {[%emt 0:02:59]} Nd7 {[%emt 0:03:36]} 20. Nb5 {[%emt 0:00:39]} O-O-O {[%emt 0:05:07]} 21. Nxa7+ {[%emt 0:01:41]} Kb8 {[%emt 0:00:03]} 22. Nb5 {[%emt 0:00:06]} Nxe5 {[%emt 0:00:09]} 23. Nd4 {[%emt 0:01:44]} Bc4 {[%emt 0:01:00]} 24. b3 {[%emt 0:00:52]} Bxe2 {[%emt 0:00:30]} 25. Kxe2 {[%emt 0:00:03]} c6 {[%emt 0:08:47]} 26. Rhf1 {[%emt 0:01:58]} Rhe8 {[%emt 0:01:55]} 27. g4 {[%emt 0:01:57]} f6 {[%emt 0:06:38]} 28. Nf5 {[%emt 0:01:05]} Rxd1 {[%emt 0:00:53]} 29. Rxd1 {[%emt 0:00:26]} g6 {[%emt 0:00:26]} 30. Ng3 {[%emt 0:00:57]} Kc7 {[%emt 0:00:53]} 31. Rf1 {[%emt 0:00:19]} 1/2-1/2

[Event "Katowice Springs 2018"]
[Site "Katowice"]
[Date "2018.05.10"]
[Round "6"]
[White "Molchanov, Oleksii"]
[Black "Pacan-Milej, Kosma"]
[Result "1-0"]
[WhiteElo "2355"]
[BlackElo "2301"]
[Annotator "ChessBase"]
[PlyCount "83"]
[EventDate "2018.??.??"]
[EventType "swiss"]
[EventCountry "POL"]
[SourceTitle "playchess.com"]
[Source "ChessBase"]
[SourceQuality "1"]
[TimeControl "40/5400+30:1800+30"]

1. c4 {[%emt 0:00:00]} c6 {[%emt 0:00:33]} 2. Nf3 {[%emt 0:00:00]} d5 {[%emt 0:00:07]} 3. e3 {[%emt 0:00:06]} Nf6 {[%emt 0:00:11]} 4. Nc3 {[%emt 0:00:07]} a6 {[%emt 0:00:23]} 5. cxd5 {[%emt 0:07:23]} cxd5 {[%emt 0:00:11]} 6. d4 {[%emt 0:00:05]} e6 {[%emt 0:02:37]} 7. Ne5 {[%emt 0:01:09]} b5 {[%emt 0:02:26]} 8. Bd3 {[%emt 0:00:42]} Bb7 {[%emt 0:00:58]} 9. O-O {[%emt 0:00:56]} Nbd7 {[%emt 0:00:15]} 10. f4 {[%emt 0:00:36]} Bd6 {[%emt 0:05:17]} 11. Bd2 {[%emt 0:00:42]} Qe7 {[%emt 0:04:01]} 12. Be1 {[%emt 0:01:57]} Ne4 {[%emt 0:07:21]} 13. Qf3 {[%emt 0:15:03]} f5 {[%emt 0:09:03]} 14. Qh3 {[%emt 0:02:46]} O-O {[%emt 0:04:03]} 15. Ne2 {[%emt 0:06:58]} Rac8 {[%emt 0:10:30]} 16. Bh4 {[%emt 0:01:28]} Qe8 {[%emt 0:00:46]} 17. Nxd7 {[%emt 0:11:24]} Qxd7 {[%emt 0:00:11]} 18. g4 {[%emt 0:00:10]} b4 {[%emt 0:03:18]} 19. Kh1 {[%emt 0:01:51]} Bc6 {[%emt 0:07:23]} 20. gxf5 {[%emt 0:10:55]} exf5 {[%emt 0:00:12]} 21. Bxa6 {[%emt 0:00:35]} Ra8 {[%emt 0:01:07]} 22. Bd3 {[%emt 0:00:16]} Bb5 {[%emt 0:00:06]} 23. Bxb5 {[%emt 0:06:44]} Qxb5 {[%emt 0:00:05]} 24. Ng3 {[%emt 0:00:26]} Qd3 {[%emt 0:13:07]} 25. Nxe4 {[%emt 0:00:29]} dxe4 {[%emt 0:03:16]} 26. b3 {[%emt 0:02:49]} Rac8 {[%emt 0:05:27]} 27. Rf2 {[%emt 0:05:46]} g6 {[%emt 0:03:23]} 28. Re1 {[%emt 0:01:57]} Rf7 {[%emt 0:06:13]} 29. Qg2 {[%emt 0:01:11]} Rfc7 {[%emt 0:01:44]} 30. Rd2 {[%emt 0:02:20]} Qb5 {[%emt 0:00:24]} 31. Bf6 {[%emt 0:02:04]} Rc1 {[%emt 0:01:05]} 32. Qf2 {[%emt 0:00:27]} Bxf4 {[%emt 0:05:31]} 33. exf4 {[%emt 0:03:29]} e3 {[%emt 0:00:54]} 34. Qxe3 {[%emt 0:00:14]} Qc6+ {[%emt 0:00:33]} 35. d5 {[%emt 0:00:30]} Qxf6 {[%emt 0:00:15]} 36. Rxc1 {[%emt 0:01:38]} Rxc1+ {[%emt 0:00:01]} 37. Kg2 {[%emt 0:00:06]} Qh4 {[%emt 0:04:01]} 38. Qg3 {[%emt 0:06:33]} Qh5 {[%emt 0:00:03]} 39. h3 {[%emt 0:03:33]} Rc3 {[%emt 0:00:29]} 40. d6 {[%emt 0:00:15]} Rxg3+ {[%emt 0:30:14]} 41. Kxg3 {[%emt 0:30:01]} g5 {[%emt 0:00:26]} 42. d7 {[%emt 0:00:12]} 1-0

[Event "Katowice Springs 2018"]
[Site "Katowice"]
[Date "2018.05.10"]
[Round "6"]
[White "Krzywda, Andrzej"]
[Black "Molenda, Marcin"]
[Result "1/2-1/2"]
[WhiteElo "2163"]
[BlackElo "2383"]
[Annotator "NA"]
[PlyCount "228"]
[EventDate "2018.??.??"]
[EventType "swiss"]
[EventCountry "POL"]
[SourceTitle "playchess.com"]
[Source "ChessBase"]
[SourceQuality "1"]
[TimeControl "40/5400+30:1800+30"]

{[%evp 9,216,53,44,38,41,38,45,39,32767,32767,32767,32767,32767,32767,32767,29,30,31,25,20,13,7,9,3,2,0,0,0,0,0,17,0,32767,-15,-21,32767,-21,-17,32767,32767,-43,-52,-22,-18,-18,-18,-18,32767,32767,32767,32767,32767,32767,32767,32767,32767,32767,32767,32767,32767,32767,32767,32767,32767,32767,32767,32767,32767,32767,32767,32767,32767,0,0,32767,32767,0,32767,0,0,0,0,0,0,8,32767,32767,0,32767,0,32767,-8,-8,-12,0,32767,-11,-12,-13,32767,-9,-8,-8,32767,32767,-17,32767,32767,32767,32767,32767,-16,0,-25,-8,-8,32767,32767,0,0,-7,0,0,-8,0,0,0,-8,-8,-16,-12,0,0,-12,0,-8,32767,32767,32767,32767,32767,-16,0,32767,-18,32767,32767,-9,-8,-8,-8,-45,-3,-7,-45,-44,-18,-13,-8,0,-45,-51,0,0,-52,-56,-2,-54,-59,-20,-53,-44,-40,-5,-52,-6,-54,32767,32767,32767,32767,32767,-42,-47,0,0,-70,-71,-72,-73,32767,32767,32767,32767,32767,32767,32767,-69,-69,-72,-72,32767,0,-70,32767,32767,32767,-70,-71]} 1. e4 {[%emt 0:00:00]} c5 {[%emt 0:00:06]} 2. Nf3 {[%emt 0:00:00]} Nc6 {[%emt 0:00:18]} 3. d4 cxd4 {[%emt 0:00:07]} 4. Nxd4 {[%emt 0:00:00]} g6 {[%emt 0:00:23]} 5. c4 {[%emt 0:03:32]} Nf6 {[%emt 0:00:29]} 6. Nc3 {[%emt 0:00:15]} d6 {[%emt 0:00:13]} 7. Be2 {[%emt 0:01:22]} Nxd4 {[%emt 0:00:08]} 8. Qxd4 {[%emt 0:00:04]} Bg7 {[%emt 0:00:06]} 9. Be3 {[%emt 0:01:01]} O-O {[%emt 0:00:08]} 10. Qd2 {[%emt 0:00:15]} a5 {[%emt 0:00:09] B36: Sicilian: Maroczy Bind: Gurgenidze System} 11. f3 {[%emt 0:04:49]} a4 {[%emt 0:00:10]} 12. O-O {[%emt 0:01:05]} Qa5 {[%emt 0:04:44]} (12... Be6 13. Nb5 Nd7 14. Rab1 Qa5 15. Qxa5 Rxa5 16. Nc7 Nc5 17. Rfc1 Rc8 18. Bd2 Ra7 19. Nxe6 Nxe6 20. Kf1 Nc5 {½-½ (78) Yu,Y (2751)-Mamedov,R (2709) Huaian 2017}) 13. Rab1 {[%emt 0:00:27]} Be6 {[%emt 0:00:58]} 14. Rfc1 {[%emt 0:07:21]} Rfc8 {[%emt 0:00:41]} 15. b4 {[%emt 0:01:17] LiveBook: 42 Games} axb3 $1 {[%emt 0:00:20]} 16. axb3 {[%emt 0:00:05]} Qb4 {[%emt 0:01:28]} 17. Rc2 {[%emt 0:02:11]} Nd7 {[%emt 0:01:16]} 18. Qc1 {[%emt 0:02:53] [#]} Nc5 $146 {[%emt 0:05:15]} 19. Nd5 {[%emt 0:07:11]} Bxd5 $1 {[%emt 0:01:23]} 20. cxd5 {[%emt 0:00:06]} Bd4 {[%emt 0:07:27]} 21. Rc4 {[%emt 0:01:41]} Bxe3+ {[%emt 0:00:09]} 22. Qxe3 {[%emt 0:00:05]} Qa3 {[%emt 0:02:20]} 23. e5 {[%emt 0:13:24]} Nd7 {[%emt 0:06:52]} 24. f4 {[%emt 0:06:46]} Rxc4 {[%emt 0:02:28]} 25. Bxc4 {[%emt 0:00:05]} Qa7 {[%emt 0:07:07]} 26. Re1 {[%emt 0:09:48]} Kf8 {[%emt 0:02:21]} 27. Kf2 {[%emt 0:08:25]} Qxe3+ {[%emt 0:00:28]} 28. Rxe3 {[%emt 0:00:14]} Ra2+ {[%emt 0:00:06]} 29. Kf3 {[%emt 0:02:25]} Rb2 {[%emt 0:01:52]} 30. h3 {[%emt 0:02:14]} h6 {[%emt 0:09:51]} 31. g3 {[%emt 0:00:26]} Nc5 {[%emt 0:03:34]} 32. h4 {[%emt 0:05:30]} Kg7 {[%emt 0:01:10]} 33. g4 {[%emt 0:01:13]} g5 {[%emt 0:05:45]} 34. fxg5 {[%emt 0:02:42]} hxg5 {[%emt 0:00:04]} 35. exd6 {[%emt 0:00:12]} exd6 {[%emt 0:00:02]} 36. hxg5 {[%emt 0:01:30]} Nd7 {[%emt 0:00:49]} 37. Re7 {[%emt 0:00:36]} Ne5+ {[%emt 0:00:16]} 38. Ke4 {[%emt 0:01:45]} b5 {[%emt 0:00:20]} 39. Bxb5 {[%emt 0:01:19]} Rxb3 {[%emt 0:00:07]} 40. Be2 {[%emt 0:06:03]} Kg6 {[%emt 0:37:00]} 41. Ra7 {[%emt 0:30:43]} Rb2 {[%emt 0:04:15]} 42. Ke3 {[%emt 0:01:13]} Rb6 {[%emt 0:05:38]} 43. Kf4 {[%emt 0:00:13]} Kg7 {[%emt 0:03:49]} 44. Ra8 {[%emt 0:00:40]} Rb4+ {[%emt 0:00:25]} 45. Ke3 {[%emt 0:00:13]} Rb3+ {[%emt 0:01:08]} 46. Ke4 {[%emt 0:00:14]} Nd7 {[%emt 0:01:17]} 47. Kf4 {[%emt 0:02:34]} Nb6 {[%emt 0:03:13]} 48. Ra5 {[%emt 0:02:51]} Rb4+ {[%emt 0:00:21]} 49. Ke3 {[%emt 0:02:44]} Kg6 {[%emt 0:00:21]} 50. Ra7 {[%emt 0:00:38]} Nxd5+ {[%emt 0:00:10]} 51. Kf2 {[%emt 0:00:24]} Nf4 {[%emt 0:00:52]} 52. Bd1 {[%emt 0:01:24]} Nh3+ {[%emt 0:01:20]} 53. Ke3 {[%emt 0:00:15]} Nxg5 {[%emt 0:00:12]} 54. Rd7 {[%emt 0:01:24]} Rb6 {[%emt 0:02:56]} 55. Kd4 {[%emt 0:00:36]} Ne6+ {[%emt 0:00:59]} 56. Kd5 {[%emt 0:00:37]} Nf4+ {[%emt 0:00:15]} 57. Ke4 {[%emt 0:00:31]} Rb4+ {[%emt 0:00:07]} 58. Ke3 {[%emt 0:00:10]} Nd5+ {[%emt 0:00:45]} 59. Kf3 {[%emt 0:00:27]} Rb6 {[%emt 0:00:43]} 60. Bc2+ {[%emt 0:00:26]} Kf6 {[%emt 0:00:16]} 61. Bf5 {[%emt 0:01:03]} Nc3 {[%emt 0:03:25]} 62. Bh7 {[%emt 0:00:23]} Kg7 {[%emt 0:00:26]} 63. Bd3 {[%emt 0:00:30]} Rc6 {[%emt 0:00:52]} 64. g5 {[%emt 0:00:22]} Kf8 {[%emt 0:04:52]} 65. g6 {[%emt 0:00:02]} fxg6 {[%emt 0:00:12]} 66. Bxg6 {[%emt 0:00:06]} Nd5 {[%emt 0:00:31]} 67. Rf7+ {[%emt 0:00:44]} Kg8 {[%emt 0:00:01]} 68. Ra7 {[%emt 0:00:26]} Nc7 {[%emt 0:00:10]} 69. Kf4 {[%emt 0:00:39]} Kg7 {[%emt 0:00:10]} 70. Be4 {[%emt 0:00:41]} Rc5 {[%emt 0:00:09]} 71. Ra1 {[%emt 0:00:53]} Kf6 {[%emt 0:00:33]} 72. Rh1 {[%emt 0:00:10]} Ne6+ {[%emt 0:00:11]} 73. Ke3 {[%emt 0:00:13]} Rc3+ {[%emt 0:00:17]} 74. Kd2 {[%emt 0:00:01]} Rg3 {[%emt 0:00:16]} 75. Rh8 {[%emt 0:01:37]} Ng5 {[%emt 0:00:40]} 76. Bc6 {[%emt 0:00:31]} Ke5 {[%emt 0:00:10]} 77. Ke2 {[%emt 0:00:49]} Rc3 {[%emt 0:00:08]} 78. Bb7 {[%emt 0:00:17]} Ne6 {[%emt 0:01:21]} 79. Kd2 {[%emt 0:00:13]} Rb3 {[%emt 0:00:22]} 80. Bc8 {[%emt 0:00:42]} Nc5 {[%emt 0:00:27]} 81. Rh5+ {[%emt 0:00:20]} Kd4 {[%emt 0:00:14]} 82. Bf5 {[%emt 0:00:33]} Rb2+ {[%emt 0:00:46]} 83. Bc2 {[%emt 0:00:22]} d5 {[%emt 0:00:22]} 84. Kc1 {[%emt 0:00:44]} Rb8 {[%emt 0:00:10]} 85. Rh4+ {[%emt 0:00:09]} Kc3 {[%emt 0:00:32]} 86. Rh3+ {[%emt 0:00:09]} Kc4 {[%emt 0:00:06]} 87. Bg6 {[%emt 0:00:41]} Rf8 {[%emt 0:00:23]} 88. Rh7 {[%emt 0:00:54]} Rf2 {[%emt 0:01:25]} 89. Rf7 {[%emt 0:01:00]} Rg2 {[%emt 0:00:42]} 90. Bc2 {[%emt 0:00:26]} Na6 {[%emt 0:02:26]} 91. Ra7 {[%emt 0:00:34]} Nb4 {[%emt 0:00:11]} 92. Bf5 {[%emt 0:00:22]} Kd4 {[%emt 0:01:21]} 93. Be6 {[%emt 0:00:29]} Na2+ {[%emt 0:01:09]} 94. Kd1 {[%emt 0:00:37]} Nc3+ {[%emt 0:00:24]} 95. Kc1 {[%emt 0:00:07]} Nb5 {[%emt 0:01:06]} 96. Rd7 {[%emt 0:00:53]} Nc3 {[%emt 0:01:54]} 97. Bxd5 {[%emt 0:00:11]} Nxd5 {[%emt 0:00:02]} 98. Rd8 {[%emt 0:00:22]} Kc4 {[%emt 0:00:11]} 99. Kd1 {[%emt 0:00:20]} Nf4 {[%emt 0:00:39]} 100. Rc8+ {[%emt 0:00:27]} Kd4 {[%emt 0:00:19]} 101. Rd8+ {[%emt 0:00:10]} Ke3 {[%emt 0:00:10]} 102. Re8+ {[%emt 0:00:14]} Kf3 {[%emt 0:00:08]} 103. Rf8 {[%emt 0:00:18]} Rh2 {[%emt 0:00:11]} 104. Ke1 {[%emt 0:00:23]} Ke4 {[%emt 0:00:05]} 105. Re8+ {[%emt 0:00:11]} Kd4 {[%emt 0:00:08]} 106. Rd8+ {[%emt 0:00:08]} Nd5 {[%emt 0:00:03]} 107. Kd1 {[%emt 0:00:08]} Kc4 {[%emt 0:00:05]} 108. Rc8+ {[%emt 0:00:12]} Kd3 $17 {[%emt 0:00:05]} 109. Kc1 {[%emt 0:02:05]} Rg2 {[%emt 0:02:10]} 110. Rd8 {[%emt 0:00:27]} Rc2+ {[%emt 0:00:23]} 111. Kb1 {[%emt 0:00:23]} Rc5 {[%emt 0:00:06]} 112. Kb2 {[%emt 0:00:43]} Rb5+ {[%emt 0:00:07]} 113. Kc1 {[%emt 0:00:28]} Rc5+ {[%emt 0:01:34]} 114. Kb2 {[%emt 0:00:13]} Rb5+ 1/2-1/2

[Event "Katowice Springs 2018"]
[Site "Katowice"]
[Date "2018.05.11"]
[Round "7"]
[White "Molenda, Marcin"]
[Black "Shkuran, Danylo"]
[Result "1-0"]
[WhiteElo "2383"]
[BlackElo "2395"]
[Annotator "TA"]
[PlyCount "61"]
[EventDate "2018.??.??"]
[EventType "swiss"]
[EventCountry "POL"]
[SourceTitle "playchess.com"]
[Source "ChessBase"]
[SourceQuality "1"]

{[%evp 19,61,20,27,16,22,22,40,28,33,29,31,20,130,125,110,106,258,294,289,146,416,419,587,431,454,440,406,254,389,385,397,389,563,385,555,558,543,548,781,477,464,443,457,416]} 1. d4 d5 2. c4 c6 3. Nf3 Nf6 4. e3 e6 5. b3 Nbd7 6. Bb2 Be7 7. Bd3 O-O 8. Nc3 b6 9. O-O Bb7 10. Qc2 h6 {LiveBook: 102 Games. D46: Semi-Slav: 5 e3 Nbd7 6 Bd3, Black avoids the Meran} (10... Qc7 11. Rfd1 Rfd8 12. Rac1 Rac8 13. Qe2 Qb8 14. e4 dxe4 15. Nxe4 c5 16. Neg5 cxd4 17. Nxf7 Kxf7 18. Ng5+ {1-0 (81) Fressinet,L (2687)-Le,Q (2718) Almaty 2016}) 11. Ne5 dxc4 12. bxc4 c5 {The position is equal.} 13. Rad1 cxd4 14. exd4 a6 15. Qe2 Nxe5 $146 (15... b5 $11) ({Predecessor:} 15... Qc7 16. f4 Rac8 17. f5 Bd6 {0-1 (32) Le,Q-Pham,C (2313) Hue 2004}) 16. dxe5 $16 Nd7 17. Bb1 $36 {[%mdl 2048] White is on the roll.} g6 $2 (17... Re8 $16) 18. Qd2 $18 Nxe5 {[#] ...Qxd2 is the strong threat.} 19. Qf4 (19. Qxh6 $18 Bg5 20. Qh3) 19... Nd7 $2 {[%mdl 8192]} (19... Qb8 $16 {keeps fighting.} 20. Ne2 (20. Qxh6 Bf6 $14) 20... Nf3+ 21. gxf3 Qxf4 22. Nxf4 Bg5) 20. Ne4 g5 (20... Kh7 {was necessary.} 21. Bc1 Bg5 22. Nxg5+ hxg5) 21. Qf3 f5 22. Qh5 {[%cal Rh5g6]} ({Less strong is} 22. Qc3 e5 $18) 22... Kh7 23. Nd6 {Intending Nf7 and mate.} Bxd6 (23... Nf6 $142 24. Qe2 Bxd6 25. Qxe6 Ne4 26. Bxe4 Bc8 27. Bxf5+ (27. Qxd6 Qxd6 28. Rxd6 fxe4 $18) 27... Rxf5 28. Qxd6 Qxd6 29. Rxd6 Rf7 30. Rxb6 Raa7) 24. Rxd6 Qe7 25. Rfd1 Rad8 (25... Nc5 $142 26. Ba3 (26. Rxb6 Rac8 $18) 26... Qf7) 26. R1d3 {Black must now prevent Rh3!} Qf7 ({Avoid the trap} 26... Be4 $2 {[#]} 27. Rh3 $1 $18 {[%mdl 512]}) (26... g4 {was called for.} 27. Rd2 Bc8) 27. Qd1 {[%cal Rd6d7] White is clearly winning.} Bc8 28. Bc2 Rfe8 29. Ba4 Re7 30. Bc6 Kg8 31. Bc3 {Precision: White = 64%, Black = 27%.} 1-0